An economic history of India 1707-1857 (Record no. 1312938)

MARC details
000 -LEADER
fixed length control field 01185nam a2200229 4500
005 - DATE AND TIME OF LATEST TRANSACTION
control field 20250507095550.0
008 - FIXED-LENGTH DATA ELEMENTS--GENERAL INFORMATION
fixed length control field 250507b |||||||| |||| 00| 0 eng d
020 ## - INTERNATIONAL STANDARD BOOK NUMBER
International Standard Book Number 9781032708164
037 ## - SOURCE OF ACQUISITION
Terms of availability Textual
040 ## - CATALOGING SOURCE
Original cataloging agency RTL
Transcribing agency RTL
084 ## - COLON CLASSIFICATION NUMBER
Classification number X.2.N5 R2
Assigning agency RTL
100 ## - MAIN ENTRY--PERSONAL NAME
Personal name Roy, Tirthankar
245 ## - TITLE STATEMENT
Title An economic history of India 1707-1857
250 ## - EDITION STATEMENT
Edition statement 2nd
260 ## - PUBLICATION, DISTRIBUTION, ETC.
Place of publication, distribution, etc. London
Name of publisher, distributor, etc. Routledge
Date of publication, distribution, etc. 2022
300 ## - PHYSICAL DESCRIPTION
Extent ix, 199 p. ill.
Other physical details Includes bibliographical reference and index
520 ## - SUMMARY, ETC.
Summary, etc. This new edition of An Economic History of Early Modern India extends the timespan of the analysis to incorporate further research. This allows for a more detailed discussion of the rise of the British Empire in South Asia and gives a fuller context for the historiography. In the years between the death of the emperor Aurangzeb (1707) and the Great Rebellion (1857), the Mughal Empire and the states that rose from its ashes declined in wealth and power, and a British Empire emerged in South Asia.
650 ## - SUBJECT ADDED ENTRY--TOPICAL TERM
Topical term or geographic name entry element India economic conditions 18th century
9 (RLIN) 754871
650 ## - SUBJECT ADDED ENTRY--TOPICAL TERM
Topical term or geographic name entry element Economic history
650 ## - SUBJECT ADDED ENTRY--TOPICAL TERM
Topical term or geographic name entry element Indian economic business
9 (RLIN) 754872
942 ## - ADDED ENTRY ELEMENTS (KOHA)
Source of classification or shelving scheme Colon Classification (CC)
Suppress in OPAC No
Koha item type Textbook
Classification part X.2.N5 R2
Holdings
Withdrawn status Lost status Source of classification or shelving scheme Damaged status Not for loan Home library Current library Date acquired Total Checkouts Full call number Barcode Date last seen Price effective from Koha item type
    Colon Classification (CC)     Ratan Tata Library Ratan Tata Library 2025-05-07   X.2.N5 R2 RT1585203 2025-05-07 2025-05-07 Textbook
Copyright @ Delhi University Library System